000 00912nam a2200277Ia 4500
008 130821s2007 sp gr spa
020 _a8449319846
040 _aCo-BoUCM
_bspa
041 0 0 _aspa
100 1 _aBauman, Zygmunt
_d1925-
245 1 0 _aMiedo líquido la sociedad contemporánea y sus temores
_cZygmunt Bauman
260 _aBarcelona (España)
_bEdiciones Paidós
_c2007
300 _a231 páginas
490 _aPaidós Estado y Sociedad
_v146
504 _aIncluye bibliografía
650 0 4 _aAnsiedad
_99144
650 0 4 _aGlobalización
_vAspectos sociales
_9216
650 0 4 _aMiedo
_919518
650 0 4 _aPostmodernismo
_vAspectos sociales
_922121
650 0 4 _aPsicología social
_922856
650 0 4 _aPsicología
_98001
700 1 _aSantos Mosquera, Albino
_etrad.
765 _aLiquid fear
942 _cLIBRO
_a9
_e1
_mB347m
_2DEWEY
_h152.46
_n0
999 _c54459
_d54459